History Quiz

Random History or State Quiz

'Guess Who's Coming to Dinner' States Quiz Stats

 Plays Quiz Updated Oct 19, 2016

Challenge
Share
Tweet
Embed
Score 0/17 Timer 02:00
9 Plays Today
States % Correct
Texas
94.8%
Alabama
94.6%
Florida
93.6%
Georgia
93.3%
South Carolina
92.7%
North Carolina
92.1%
Mississippi
91.9%
Virginia
90.7%
Tennessee
88.5%
States % Correct
Kentucky
87%
Arkansas
83.8%
West Virginia
83.2%
Louisiana
81.8%
Missouri
77.4%
Oklahoma
76.6%
Maryland
68.9%
Delaware
50.8%

You're not logged in!

Compare scores with friends on all Sporcle quizzes.
OR
Log In

You Might Also Like...

Show Comments

Extras

Top Quizzes Today


Score Distribution

Your Account Isn't Verified!

In order to create a playlist on Sporcle, you need to verify the email address you used during registration. Go to your Sporcle Settings to finish the process.

Report this User

Report this user for behavior that violates our Community Guidelines.

Details: